Представление документа в формате RUSMARC

ПолеНазваниеЗначение
  Тип записи a
  Библиографический уровень m
001 Контрольный номер RU/IS/BASE/528454436
005 Дата корректировки 20240209174652.1
010 Индекс ISBN __
d Цена 359 р. 80 к.
9 Тираж 2 500 экз.
100 Данные общей обработки __
a Данные общей обработки 20160929d2016 ||| 0rusy0189 ca
101 Язык документа 0_
a Язык текста rus
102 Страна публикации __
a Страна публикации RU
105 Кодированные данные (монография) __
a Кодированные данные (монография) y###||||000|y
200 Заглавие и сведения об ответственности 1_
a Заглавие Едины мы
b Общее обозначение материала Ноты
e Сведения, относящиеся к заглавию сборник патриотических песен
f Первые сведения об ответственности Н. А. Нужина, И. А. Нужина
210 Выходные данные 1_
a Место издания Ростов-на-Дону
c Издательство Феникс
d Дата издания 2015
215 Физическое описание __
a Объем 46, [2] с.
c Иллюстрации/тип воспроизводства ноты
d Формат 28,5 см.
225 Серия 0_
a Серия Любимые мелодии
300 Общие примечания __
a Общие примечания Ограничения по возрасту - 0+
300 Общие примечания __
a Общие примечания + CD
606 Тематические рубрики 0_
a Основная рубрика Песенники
610 Ключевые слова 0_
a Ключевые слова сборники песен
a Ключевые слова песни патриотические
a Ключевые слова патриотизм
a Ключевые слова музыка
a Ключевые слова ноты
686 Индексы других классификаций __
a Классификационный индекс 85.94я438
2 Код системы ББК
700 Автор _0
a Фамилия Нужина
b Имя (инициалы) Наталья Александровна
g Полное личное имя Н. А.
701 Альтернативная интеллектуальная ответственность _0
a Фамилия Нужина
b Имя (инициалы) И. А.
801 Источник записи _0
a Страна RU
b Организация МБУК ЦБС
c Дата составления 20160929
g Правила каталогизации RCR
801 Источник записи _1
a Страна RU
b Организация МБУК ЦБС г. Ульяновска
c Дата составления 20160929
g Правила каталогизации RCR
899 Данные о местонахождении __
i Авторский знак Н 88
j Расстановочный фильтр 85.94
901 Тип документа __
t Тип документа m
910 Корректоры записи __
a Корректор записи Плотникова